Európska Únia a Blízky Východ

Bibliographic Details
Main Author: Belmiloud, Majid (Author)
Format: Article
Language:Slovak

MARC

LEADER 00000nab a2200000 a 4500
001 vtls010715296
003 SK-MaSNL
005 20260304185331.0
008 250709s2007 xo |||||||||||||||||slo|
035 |a (urnnbn)urn:nbn:sk:snk:ar-a04kdy 
035 |a (uuid)b30ba822-5102-45f8-9324-c36766955739 
035 |a urn:nbn:sk:snk-ab3hk4 
040 |a SNKBUCL  |b slo  |c SNKBUCL  |e AACR2 
041 0 |a slo 
044 |a xo  |c SK 
100 1 |a Belmiloud, Majid  |4 aut  |9 1147362 
245 1 0 |a Európska Únia a Blízky Východ  |c Majid Belmiloud 
773 0 |t Nová ekonomika : vedecký časopis Obchodnej fakulty Ekonomickej univerzity v Bratislave  |g Roč. 6, č. 2 (2007), s. 8-14 
850 |a Slovenská národná knižnica 
852 |a Slovenská národná knižnica 
954 |a odborná, vedecká literatúra pôvodná (slovenská)  |2 lita 
958 |a article1 
958 |a OND 
958 |a EUIPO 
999 |c 3042621  |d 3044551